| 000 | 00556nam a22002057a 4500 | ||
|---|---|---|---|
| 003 | 0 | ||
| 005 | 20240928100655.0 | ||
| 008 | 240928b xxu||||| |||| 00| 0 eng d | ||
| 020 | _a979-8-89161-255-6 | ||
| 050 |
_aHG 173 _b.K45 2024 |
||
| 100 | _aKeith, Houston | ||
| 245 |
_aBusiness finance _cKeith, Houston |
||
| 260 |
_aUSA _bAlexis press _cC2024 |
||
| 300 |
_avii, 286p. : _bill. : _c24cm. |
||
| 500 | _aFinance. | ||
| 500 | _aBusiness--finance. | ||
| 500 | _aBusiness | ||
| 650 | _aIncludes bibliographical references & index. | ||
| 942 |
_2lcc _cBK |
||
| 999 |
_c366410 _d366410 |
||